[Event "Brno Open 2025 - A IM Round Robin"]
[Site "Bobycentrum hotel, Brno"]
[Date "2025.11.12"]
[Round "6"]
[Board "5"]
[White "Korszanski, Stanislaw"]
[Black "Kulkarni, Bhakti"]
[Result "1-0"]
[WhiteElo "2219"]
[BlackElo "2318"]
[PlyCount "57"]
[EventDate "2025.11.08"]
[EventRounds "9"]
[EventCountry "CZE"]

1. e4 c6 2. d4 d5 3. exd5 cxd5 4. c4 Nf6 5. Nc3 Nc6 6. Bg5 dxc4 7. Bxc4 h6 8. Bf4
e6 9. Nf3 Bb4 10. O-O O-O 11. a3 Bxc3 12. bxc3 b6 13. Re1 Bb7 14. Qd2 Na5 15. Ba2
Bd5 16. Bxh6 Bxa2 17. Qg5 Ne8 18. Rxa2 Qc7 19. Rae2 Qxc3 20. Qh4 gxh6 21. Qxh6 f6
22. Rxe6 Ng7 23. Qg6 Qc4 24. Nh4 Qd5 25. Re7 Rf7 26. Nf5 Kf8 27. Qh6 Kg8 28. Rxf7
Qxf7 29. Ne7+  1-0

[Event "Brno Open 2025 - A IM Round Robin"]
[Site "Bobycentrum hotel, Brno"]
[Date "2025.11.13"]
[Round "7"]
[Board "1"]
[White "Kulkarni, Bhakti"]
[Black "Brzezina, Piotr"]
[Result "1/2-1/2"]
[WhiteElo "2318"]
[BlackElo "2330"]
[PlyCount "48"]
[EventDate "2025.11.08"]
[EventRounds "9"]
[EventCountry "CZE"]

1. d4 Nf6 2. c4 g6 3. g3 Bg7 4. Bg2 O-O 5. Nc3 d6 6. Nf3 c6 7. O-O Bf5 8. Re1 Ne4
9. Nxe4 Bxe4 10. Nh4 Bxg2 11. Kxg2 e5 12. dxe5 dxe5 13. Qxd8 Rxd8 14. e4 Na6 15.
Be3 Nb4 16. Re2 Bf8 17. Nf3 f6 18. Ne1 Na6 19. Nc2 Nc5 20. f3 Ne6 21. Kf1 Bc5 22.
Ke1 Rd3 23. Rd2 Rad8 24. Rxd3 Rxd3  1/2-1/2

[Event "Brno Open 2025 - A IM Round Robin"]
[Site "Bobycentrum hotel, Brno"]
[Date "2025.11.13"]
[Round "7"]
[Board "2"]
[White "Nemitz, Alfred"]
[Black "Korszanski, Stanislaw"]
[Result "1-0"]
[WhiteElo "2296"]
[BlackElo "2219"]
[PlyCount "147"]
[EventDate "2025.11.08"]
[EventRounds "9"]
[EventCountry "CZE"]

1. d4 Nf6 2. c4 e6 3. Nf3 b6 4. g3 Bb7 5. Bg2 Be7 6. O-O O-O 7. Nc3 Ne4 8. Bd2 Nxd2
9. Qxd2 d6 10. Rad1 Nd7 11. e4 c5 12. d5 exd5 13. Nxd5 Bxd5 14. Qxd5 Qc7 15. e5 Nxe5
16. Nxe5 dxe5 17. Qxa8 Rxa8 18. Bxa8 f5 19. f3 Qc8 20. Bd5+ Kf8 21. Rd3 Bf6 22. Kg2
Ke7 23. Rfd1 h5 24. Ra3 Qd7 25. Rdd3 g6 26. Bf7 Qb7 27. Bxg6 e4 28. fxe4 Bxb2 29.
Rab3 Qxe4+ 30. Rf3 Bd4 31. Bxf5 Qe2+ 32. Kh3 Bg1 33. Kh4 Qxh2+ 34. Kg5 Bd4 35. Ra3
a5 36. Bg6 h4 37. Rf7+ Ke6 38. gxh4 Qg1+ 39. Kh5 Bf6 40. Rb3 Qd1+ 41. Kh6 Qd2+ 42.
Kh5 Qe2+ 43. Kh6 b5 44. h5 b4 45. Rd3 a4 46. Ra7 Bd4 47. Rxa4 Qg2 48. Ra6+ Ke7 49.
Ra7+ Ke6 50. a3 Qf2 51. Rf7 Qe1 52. axb4 Qxb4 53. Rf4 Kd6 54. Rf6+ Ke7 55. Rf7+ Ke6
56. Rf1 Kd6 57. Bf7 Qb8 58. Kg5 Qd8+ 59. Kg4 Qh8 60. Rf5 Qg7+ 61. Bg6 Qe7 62. Rd5+
Kc7 63. Rf3 Qe2 64. Rdf5 Qxc4 65. h6 Qc1 66. h7 Qh6 67. Rf7+ Kd6 68. Bf5 Qh2 69.
Rd7+ Ke5 70. Rd8 Qg2+ 71. Rg3 Qe2+ 72. Kg5 Qd2+ 73. Kg6 Kf4 74. Rg4+  1-0

[Event "Brno Open 2025 - A IM Round Robin"]
[Site "Bobycentrum hotel, Brno"]
[Date "2025.11.13"]
[Round "7"]
[Board "3"]
[White "Andries, Alf"]
[Black "Bures, Jaroslav"]
[Result "0-1"]
[WhiteElo "2109"]
[BlackElo "2386"]
[PlyCount "53"]
[EventDate "2025.11.08"]
[EventRounds "9"]
[EventCountry "CZE"]

1. e4 c6 2. d4 d5 3. e5 c5 4. Nf3 Nc6 5. c4 e6 6. cxd5 exd5 7. Bb5 a6 8. Bxc6+ bxc6
9. O-O Qb6 10. dxc5 Bxc5 11. Nbd2 Qa7 12. Nb3 Bb6 13. Bd2 a5 14. Bc3 Ne7 15. e6 O-O
16. exf7+ Rxf7 17. Nbd4 Bg4 18. Qd3 c5 19. Ng5 cxd4 20. Qxh7+ Kf8 21. Bd2 Be2 22.
Nxf7 Kxf7 23. Rfe1 d3 24. Qh4 Rg8 25. Bf4 Ng6 26. Qg3 Nxf4 27. Qxf4+  0-1

[Event "Brno Open 2025 - A IM Round Robin"]
[Site "Bobycentrum hotel, Brno"]
[Date "2025.11.13"]
[Round "7"]
[Board "4"]
[White "Sliwerski, Radoslaw"]
[Black "Prazak, Daniel"]
[Result "0-1"]
[WhiteElo "2047"]
[BlackElo "2359"]
[PlyCount "44"]
[EventDate "2025.11.08"]
[EventRounds "9"]
[EventCountry "CZE"]

1. d4 Nf6 2. c4 e6 3. Nc3 Bb4 4. f3 Ba5 5. e4 d5 6. cxd5 exd5 7. e5 Nfd7 8. f4 c5
9. Nf3 Nc6 10. Be3 cxd4 11. Nxd4 O-O 12. Be2 Qh4+ 13. g3 Qh6 14. O-O Ndxe5 15. Nxd5
Nxd4 16. Ne7+ Kh8 17. Bxd4 Rd8 18. Qa4 Bb6 19. Rfd1 Bg4 20. fxe5 Rxd4 21. Rxd4 Qe3+
22. Kh1 Bxd4  0-1

[Event "Brno Open 2025 - A IM Round Robin"]
[Site "Bobycentrum hotel, Brno"]
[Date "2025.11.13"]
[Round "7"]
[Board "5"]
[White "Vyskocil, Neklan"]
[Black "Kejna, Piotr"]
[Result "1/2-1/2"]
[WhiteElo "2267"]
[BlackElo "2348"]
[PlyCount "121"]
[EventDate "2025.11.08"]
[EventRounds "9"]
[EventCountry "CZE"]

1. e4 c5 2. c3 Nf6 3. e5 Nd5 4. d4 cxd4 5. Nf3 Nc6 6. cxd4 d6 7. Bc4 dxe5 8. dxe5
Be6 9. O-O g6 10. Na3 Bg7 11. Re1 O-O 12. Bg5 h6 13. Bh4 Rc8 14. Qd2 Ndb4 15. Qxd8
Rfxd8 16. Bxe6 fxe6 17. Bg3 Rd5 18. Re2 Rcd8 19. Nc4 Rd1+ 20. Re1 Rxa1 21. Rxa1 Nxa2
22. h4 Nab4 23. Na5 Nxa5 24. Rxa5 Nc6 25. Rb5 b6 26. Rb3 Rd5 27. Rc3 Nxe5 28. Nxe5
Bxe5 29. Bxe5 Rxe5 30. Rc7 Re1+ 31. Kh2 Kf7 32. Rxa7 Re2 33. b3 Rxf2 34. Rb7 Rf4
35. Rxb6 Rxh4+ 36. Kg3 Rd4 37. b4 Kf6 38. b5 Rb4 39. Rb8 e5 40. b6 Kf5 41. b7 Ke4
42. Rg8 Rxb7 43. Rxg6 Rb3+ 44. Kf2 Rb2+ 45. Kg3 Rb3+ 46. Kf2 Rb2+ 47. Kg3 Kd3 48.
Rxh6 e4 49. Re6 e3 50. Rxe7 Ke2 51. Kf4 Rb4+ 52. Kf5 Rb5+ 53. Kf4 Rb3 54. g4 Kf2
55. g5 e2 56. Rxe2+ Kxe2 57. g6 Rb8 58. Kf5 Kf3 59. g7 Rg8 60. Kf6 Rxg7 61. Kxg7
 1/2-1/2

[Event "Brno Open 2025 - A IM Round Robin"]
[Site "Bobycentrum hotel, Brno"]
[Date "2025.11.14"]
[Round "8"]
[Board "1"]
[White "Brzezina, Piotr"]
[Black "Kejna, Piotr"]
[Result "1-0"]
[WhiteElo "2330"]
[BlackElo "2348"]
[PlyCount "57"]
[EventDate "2025.11.08"]
[EventRounds "9"]
[EventCountry "CZE"]

1. d4 Nf6 2. c4 g6 3. Nc3 Bg7 4. e4 d6 5. Be2 O-O 6. Be3 e5 7. d5 Na6 8. h4 Nc5 9.
Qc2 h5 10. f3 a5 11. O-O-O Bd7 12. Nh3 a4 13. Kb1 c6 14. dxc6 bxc6 15. Rxd6 Qa5 16.
Rhd1 Rfb8 17. Ng5 Rb7 18. Nb5 cxb5 19. Bxc5 b4 20. Be3 b3 21. Qd2 bxa2+ 22. Kxa2
Qc7 23. c5 a3 24. b3 Ba4 25. Bc4 Ne8 26. Rd8 Bxb3+ 27. Bxb3 Rxb3 28. Kxb3 Qb7+ 29.
Qb4  1-0

[Event "Brno Open 2025 - A IM Round Robin"]
[Site "Bobycentrum hotel, Brno"]
[Date "2025.11.14"]
[Round "8"]
[Board "2"]
[White "Prazak, Daniel"]
[Black "Vyskocil, Neklan"]
[Result "1/2-1/2"]
[WhiteElo "2359"]
[BlackElo "2267"]
[PlyCount "63"]
[EventDate "2025.11.08"]
[EventRounds "9"]
[EventCountry "CZE"]

1. e4 c5 2. Nf3 Nc6 3. Bb5 g6 4. Bxc6 dxc6 5. d3 Bg7 6. a4 a5 7. O-O Nf6 8. Qe2 O-O
9. e5 Nd5 10. h3 h6 11. Re1 Nc7 12. Na3 Ne6 13. Bd2 Nd4 14. Nxd4 cxd4 15. Nc4 Be6
16. Qe4 Bxc4 17. dxc4 Qb6 18. b3 Qc5 19. Bc1 Qa7 20. Ba3 c5 21. Rad1 b6 22. Rd3 Rae8
23. Bb2 Qc7 24. f4 f5 25. Qf3 Rd8 26. Red1 e6 27. c3 dxc3 28. Bxc3 Rfe8 29. Qg3 Kf7
30. Rd6 Bf8 31. R6d3 Be7 32. Qf3  1/2-1/2

[Event "Brno Open 2025 - A IM Round Robin"]
[Site "Bobycentrum hotel, Brno"]
[Date "2025.11.14"]
[Round "8"]
[Board "4"]
[White "Korszanski, Stanislaw"]
[Black "Andries, Alf"]
[Result "1-0"]
[WhiteElo "2219"]
[BlackElo "2109"]
[PlyCount "103"]
[EventDate "2025.11.08"]
[EventRounds "9"]
[EventCountry "CZE"]

1. e4 c5 2. Nf3 Nc6 3. d4 cxd4 4. Nxd4 Nf6 5. Nc3 e6 6. Nxc6 bxc6 7. e5 Nd5 8. Ne4
Qc7 9. f4 Qb6 10. c4 Ne3 11. Qd3 Bb4+ 12. Bd2 Ba6 13. b3 O-O 14. Bxb4 Qxb4+ 15. Kf2
Nd5 16. g3 Qb6+ 17. Kg2 c5 18. Qf3 Nb4 19. Rd1 d5 20. cxd5 exd5 21. Nd6 Bb7 22. a3
Nc2 23. Bd3 Nd4 24. Qh5 g6 25. Qh6 Ba6 26. Rhe1 Bxd3 27. Rxd3 Rad8 28. b4 Rxd6 29.
exd6 Qxd6 30. Qg5 Nf5 31. bxc5 Qxc5 32. Qg4 d4 33. Qe2 Ne3+ 34. Kg1 Rd8 35. Qd2 Nd5
36. Rc1 Nc3 37. Rc2 Rd5 38. Qf2 Qc4 39. Qf3 Rb5 40. Rcd2 Rb1+ 41. Kg2 Nb5 42. f5
gxf5 43. Qxf5 Qc1 44. Rf2 Nd6 45. Qg4+ Kf8 46. Qxd4 Qc6+ 47. Kh3 Ne4 48. Qh8+ Ke7
49. Qd8+ Ke6 50. Re3 f5 51. Qg8+ Kf6 52. Qf8+  1-0

[Event "Brno Open 2025 - A IM Round Robin"]
[Site "Bobycentrum hotel, Brno"]
[Date "2025.11.14"]
[Round "8"]
[Board "5"]
[White "Kulkarni, Bhakti"]
[Black "Nemitz, Alfred"]
[Result "1-0"]
[WhiteElo "2318"]
[BlackElo "2296"]
[PlyCount "87"]
[EventDate "2025.11.08"]
[EventRounds "9"]
[EventCountry "CZE"]

1. d4 Nf6 2. c4 b6 3. Nc3 Bb7 4. Qc2 d5 5. cxd5 Nxd5 6. e4 Nxc3 7. bxc3 e6 8. Nf3
Be7 9. Bb5+ c6 10. Bd3 O-O 11. O-O c5 12. Bb2 cxd4 13. cxd4 Nc6 14. a3 Rc8 15. Qe2
Na5 16. Rad1 Qc7 17. d5 Nc4 18. Rc1 b5 19. Ne5 Bg5 20. Rc2 exd5 21. exd5 Rfe8 22.
Qh5 h6 23. d6 g6 24. Bxg6 fxg6 25. Qxg6+ Qg7 26. Qxg7+ Kxg7 27. Nxc4+ Kf8 28. d7
bxc4 29. dxc8=Q Rxc8 30. Re1 Bd5 31. Bc1 Bf6 32. Bxh6+ Kf7 33. Bf4 Rc6 34. Be5 Be7
35. Bd4 Ra6 36. Rc3 Ra5 37. Rh3 Bxa3 38. Ra1 Bb4 39. Rh7+ Ke6 40. Rxa5 Bxa5 41. Rxa7
Bd2 42. Ra6+ Kf5 43. g3 c3 44. h4  1-0